000 00628 a2200181 4500
003 NUST
005 20230130132727.0
040 _cNust
082 _a920,STR
100 _aStrover, C.H.,
_9108061
245 _a"Prominent Men" :
_ba series of biographical sketches /
_cC. H. Strover
260 _aLahore
_bRAI Sahib M. Gulab Singh & Sons Educational Publisher
_c1936
300 _a198 p.;
_billus
_c19 cm
505 _aStatesmen (Page-1), Seamen (Page-93), Philosophers (Page-113), Poet (Page-143), Doctor (Page-157).
600 _aStrover, C.H.,
_9108061
650 _aLife of great peopel
_9108062
942 _2ddc
_cBK
_k920,STR
999 _c187141
_d187141